01326nam a2200361Ia 4500001001200000003000800012006001900020007001500039008004100054010001700095020001500112020001800127020001800145040002100163035002100184050002400205245010100229260004400330300001100374490003000385504005100415533015200466650002600618650002200644650002500666655002900691700002400720700001700744710001700761830004300778856012600821999001700947ebr10567037CaPaEBRm u cr cn|||||||||030128s2002 enk sb 001 0 eng d z 2003268313 z0761949879 z9780761949886 z9781446264263 aCaPaEBRcCaPaEBR a(OCoLC)64937719814aHM1271b.R43 2002eb00aRecognition and differenceh[electronic resource] /cedited by Scott Lash and Mike Featherstone. aLondon ;aThousand Oaks :bSAGE,c2002. a282 p.1 aTheory, culture & society aIncludes bibliographical references and index. aElectronic reproduction.bPalo Alto, Calif. :cebrary,d2011.nAvailable via World Wide Web.nAccess may be limited to ebrary affiliated libraries. 0aIdentity (Psychology) 0aMulticulturalism. 0aPolitical sociology. 7aElectronic books.2local1 aFeatherstone, Mike.1 aLash, Scott.2 aebrary, Inc. 0aTheory, culture & society (Unnumbered)40uhttp://site.ebrary.com/lib/rucke/Doc?id=10567037zAn electronic book accessible through the World Wide Web; click to view c93165d93165